000 00404nam a2200157 4500
001 106997
003 ES-MaACL
005 20230906184325.0
007 t|
008 061121s1922 fr r ||||1| fre d
100 1 _aMoret, Alexandre.
_983468
245 1 0 _aMysteres egyptiens /
_cAlexandre Moret.
260 _aVilleneuve :
_b[s.n.],
_c1922.
300 _a326 p. ;
_c20 cm.
852 _aES-MaACL
_jD-611
999 _c106997
_d106997